| 000 | 00683nam a2200193Ii 4500 | ||
|---|---|---|---|
| 003 | JO-AjNU | ||
| 008 | 230605s9999||||xx |||||||||||||| ||und|| | ||
| 040 |
_aJO-AjNU _bara _erda _cJO-AjNU |
||
| 041 | _aara | ||
| 050 | 1 | 4 | _aLB2846.S5282 2000 |
| 100 | 3 |
_aتاليف الشبول، سامي عليان , _eauthor _957079 |
|
| 245 | 0 | 0 | _aادارة العلاقات العامة في التربية |
| 264 | 3 | 1 | _aعمان: المركز القومي للنشر، 2000 |
| 300 | _a283ص | ||
| 336 |
_atext _btxt _2rdacontent |
||
| 337 |
_aunmediated _bn _2rdamedia |
||
| 338 |
_avolume _bnc _2rdacarrier |
||
| 650 | 4 |
_aالمدارس - العلاقات العامة - الاردن _957080 |
|
| 999 |
_aA25557 _c29125 _d29125 |
||